Normal view
MARC view
- Sharma Suresh & Madhavi S
Entry Personal Name
001 - CONTROL NUMBER
- control field: 217596
003 - CONTROL NUMBER IDENTIFIER
- control field: OSt
005 - DATE AND TIME OF LATEST TRANSACTION
- control field: 20260404113138.0
008 - FIXED-LENGTH DATA ELEMENTS
- fixed length control field: 260404|| aca||aabn | a|a d
040 ## - CATALOGING SOURCE
- Original cataloging agency: OSt
- Transcribing agency: OSt
100 ## - HEADING--PERSONAL NAME
- Personal name: Sharma Suresh & Madhavi S
670 ## - SOURCE DATA FOUND
- Source citation: Work cat.: (OSt)369262: Sharma Suresh & Madhavi S, Brunner and Suddarth's Textbook of Adult Health Nursing Vol 2, 2025